Elder Scrolls IV Oblivion trivia - Statistics

General Stats
  • This quiz has been taken 752 times
    733 since last reset
  • The average score is 7 of 10
Answer Stats
Hint Answer % Correct
What city is destroyed at the beginning of the game? Kvatch
89%
Who are you protecting in the main quest? Martin
87%
What is the name of the horse that you can get from the dark brotherhood quest line? Shadowmere
83%
What exactly is the skill of security used for? Lock picking
81%
What is the final rank in the arena faction? Grand champion
79%
How many years before Skyrim does this game take place? 200
76%
What is the name of the place the Blades use as there headquarters? Cloud ruler Temple
63%
Where do you begin the entire game? (Exact place) Imperial city prison
54%
What must you do to join the dark brotherhood? Kill someone in cold blood
48%
Who do you have to kill to earn this rank? The Gray Prince
31%
No matching quizzes found
Score Distribution
Percent of People with Each Score
Percentile by Number Answered
Your Score History
You have not taken this quiz since the last reset